Zwiadowcy_nazwij wszystkie - Statystyki

Ogólne statystyki
  • Ten quiz został rozwiązany 77 razy
  • Średni wynik to 11 z 14
Statystyki odpowiedzi
Hint Odpowiedź % Poprawnych
Księga 1 Ruiny Gorlanu
97%
Księga 2 Płonący most
95%
Księga 3 Ziemia skuta lodem
93%
Księga 7 Okup za Eraka
86%
Księga 4 Bitwa o Skandię
85%
Księga 5 Czarnoksiężnik z północy
83%
Księga 9 Halt w niebezpieczeństwie
80%
Księga 10 Cesarz Nihon-ja
76%
Księga 12 Królewski zwiadowca
76%
Księga 6 Oblężenie Macindaw
69%
Księga 11 Zaginione historie
64%
Księga 8 Królowie Clonmelu
61%
Księga 13 Klan czerwonego lisa
58%
Księga 14 Pojedynek w Araluenie
47%
Nie znaleziono quizów pasujących do podanych kryteriów
Rozkład punktacji
Procent ludzi z każdym wynikiem
Percentyl według liczby udzielonych odpowiedzi
Twoja historia wyników
Nie rozwiązałeś tego quizu